| 000 | 00434nam a2200181Ia 4500 | ||
|---|---|---|---|
| 005 | 20240823041929.0 | ||
| 008 | 240823s9999||||xx |||||||||||||| ||und|| | ||
| 041 | _aENGLISH | ||
| 082 | _A519 N2 | ||
| 100 | _aVenkataraman M K | ||
| 245 | 0 | _aEngineering Mathematics | |
| 250 | _a9th | ||
| 260 |
_c1992 _b"NPC,Chennai" |
||
| 500 | _aTRANSFERED | ||
| 650 |
_aEngineering Mathematics _bMathematics |
||
| 942 | _cBK | ||
| 999 |
_c206672 _d206672 |
||